Future Geometry Dash Demonlist - Statistics

General Stats
  • This quiz has been taken 40 times
  • The average score is 9 of 25
Answer Stats
Hint Answer % Correct
Icedcave Grief
100%
Riot Aeternus
84%
The Golden Amethyst
81%
Aqua Aquamarine
68%
7 Minutes long Flamewall
65%
The Brimstone Witch Vehemence
65%
Sweeping Sweeping Demon
58%
Sweeping Sequal Sweeping Demon II
55%
Heaven Ascension To Heaven
48%
Cyc______ Cyclolcyc
39%
Aftercatabath The Apocalyptic Trilogy
39%
Tidal Wave Difficulty Heliopolis
35%
Trick 33% Misanthrope
26%
Aeden Azure Flare
23%
Greafer Injury
23%
TheRealSailent Silent Circles
23%
On The ILL Tax Evasion
16%
idk Rare
13%
Ane Anemesis
3%
Avad Avaddon
3%
ILL Kingdom of Miracalis
3%
Slaughterhouse layout Kratos
3%
Greafer Vivisect
3%
... Behemoth
0%
... The Devil
0%
No matching quizzes found
Score Distribution
Percent of People with Each Score
Percentile by Number Answered
Your Score History
You have not taken this quiz